• 首页
  • 本馆介绍
  • 公告通知
  • 最新文献
  • 馆藏检索
  • 电子资源
  • 读者导购
  • 参考咨询
  • 我的图书馆
  • 登录
  • 详细信息显示
  • 放入我的书架
  • 预约/预借图书
  • 作者相关作品
  • 分类相关作品
  • 丛书相关作品
  • 出版社相关作品

书目信息

  • 表格格式
  • 工作单格式
  • 卡片格式
题名:
土壤生物修复工程
    
 
作者: 闵九康 主编
分册:  
出版信息: 北京   中国农业科学技术出版社  2015
页数: 241页
开本: 21cm
丛书名:
单 册:
中图分类: X53
科图分类:
主题词: 土壤污染--重金属污染--生物防治
电子资源:
ISBN: 978-7-5116-1909-9
000 00897nam0 2200229 450
001 3706
005 20160927091653.60
010    @a978-7-5116-1909-9@b平装@dCNY48.00
100    @a20150320d2015 em y0chiy50 ea
101 0  @achi
102    @aCN@b110000
105    @aa z 000yy
200 1  @a土壤生物修复工程@9tu rang sheng wu xiu fu gong cheng@e粮食安全之保护伞@f闵九康主编
210    @a北京@c中国农业科学技术出版社@d2015
215    @a241页@c图@d21cm
330    @a本书共八章,全面论述了土壤污染物的生物修复作用;土壤重金属的生物修复工程;土壤重金属及其向食物链的转移过程;土壤生物分子对重金属活性的影响以及生物表面活性剂在生物修复中的应用。
517 1  @a粮食安全之保护伞@9liang shi an quan zhi bao hu san
606 0  @a土壤污染@x重金属污染@x生物防治
690    @aX53@v5
701  0 @a闵九康@9min jiu kang@f(1936~)@4主编
801  0 @aCN@b唐山师范学院图书馆@c20151001
905    @aZUCC@dX53@e151
    
    土壤生物修复工程:粮食安全之保护伞/闵九康主编.-北京:中国农业科学技术出版社,2015
    241页:图;21cm
    
    
    ISBN 978-7-5116-1909-9(平装):CNY48.00
    本书共八章,全面论述了土壤污染物的生物修复作用;土壤重金属的生物修复工程;土壤重金属及其向食物链的转移过程;土壤生物分子对重金属活性的影响以及生物表面活性剂在生物修复中的应用。
●
相关链接 在E读中查询图书 在五车中查询图书 在当当中查询图书 在豆瓣中查询图书


正题名:土壤生物修复工程     索取号:X53/151         预约/预借

序号 登录号 条形码 馆藏地/架位号 状态 备注
1 906150   209061502   第二样本阅览室/ [索取号:X53/151] 在馆    
2 906151   209061511   第三借阅区/ [索取号:X53/151] 在馆    
3 906152   209061520   第三借阅区/ [索取号:X53/151] 在馆    
4 906153   209061539   第三借阅区/ [索取号:X53/151] 在馆    
5 906154   209061548   第三借阅区/ [索取号:X53/151] 在馆    
唐山师范学院图书馆 欢迎您!
大连网信软件有限公司© 版权所有